Development economics through the decades : (Record no. 15039)

000 -LEADER
fixed length control field 00598cam a2200193 a 4500
020 ## - INTERNATIONAL STANDARD BOOK NUMBER
ISBN 9780821372555
020 ## - INTERNATIONAL STANDARD BOOK NUMBER
ISBN 0821372556
020 ## - INTERNATIONAL STANDARD BOOK NUMBER
ISBN 9780821377567 (electronic)
020 ## - INTERNATIONAL STANDARD BOOK NUMBER
ISBN 0821377566 (electronic)
040 ## - CATALOGING SOURCE
Transcribing agency DLC
082 00 - DEWEY DECIMAL CLASSIFICATION NUMBER
Classification number 338 WOR 2009 A068 Or.
100 1# - MAIN ENTRY--AUTHOR NAME
Personal name Yusuf, Shahid,
245 10 - TITLE STATEMENT
Title Development economics through the decades :
Remainder of title a critical look at 30 years of the world development report /
260 ## - PUBLICATION, DISTRIBUTION, ETC. (IMPRINT)
Place of publication Washington, D.C. :
Name of publisher World Bank,
Year of publication c2009.
300 ## - PHYSICAL DESCRIPTION
Number of Pages xiv, 188 p. :
Other physical details ill. ;
Dimensions 24 cm.
650 #0 - SUBJECT ADDED ENTRY--TOPICAL TERM
Topical Term Development economics.
700 1# - ADDED ENTRY--PERSONAL NAME
Personal name Deaton, Angus.
942 ## - ADDED ENTRY ELEMENTS (KOHA)
Koha item type សៀវភៅភាសាអង់គ្លេស
952 ## - LOCATION AND ITEM INFORMATION (KOHA)
Withdrawn status [LOCAL, KOHA] 0
Holdings
Permanent Location Date acquired Koha item type Lost status Shelving location Barcode Current Location Full call number
Library Block A2017-11-02សៀវភៅភាសាអង់គ្លេស A068A06820Library Block A338 WOR 2009 A068 Or.
មជ្ឈមណ្ឌលឯការនៃសាកលវិទ្យាល័យភូមិន្ទកសិកម្មចំការដូង

Powered by Koha